Lumière sur la Normandie - Statistiques

Statistiques générales
  • Ce quiz a été pris 45 fois
  • Le résultat moyen est 8 sur 10
Statistiques - réponses
Hint Réponse % Correct
Quel événement historique majeur a eu lieu sur les plages normandes en 1944 ? Débarquement
92%
Quelle est la capitale de la région Normandie ? Rouen
92%
Quel port de pêche est aussi célèbre pour ses falaises blanches spectaculaires ? Etretat
89%
Quel fromage à pâte molle est originaire de Normandie et protégé par une AOP ? Camembert
87%
Quel fleuve se jette dans la Manche à proximité du port du Havre ? Seine
84%
Quelle station balnéaire du Calvados est connue pour son festival du film américain ? Deauville
82%
Quelle abbaye se dresse sur un îlot rocheux au large de la Manche ? Mont Saint Michel
79%
Quelle boisson alcoolisée est produite à base de pommes en Normandie ? Calvados
68%
Quel écrivain célèbre, auteur de Bel-Ami, est né à Tourville-sur-Arques en Seine-Maritime ? Guy de Maupassant
61%
Quelle célèbre tapisserie médiévale est conservée à Bayeux ? Tapisserie de Bayeux
24%
Aucun quiz correspondant
Distribution des résultats
% des personnes avec chaque résultat
Percentile par nombre de réponses
Votre historique - résultats
Vous n’avez pas pris ce quiz